000 00293nam a22001337a 4500
008 170920b xxu||||| |||| 00| 0 eng d
020 _a9780130225658
041 _aeng
080 _a7
100 _a44
101 _aART
245 _aREALITY THROUGH THE ARTS
_cSPORRE, D.J
942 _2udc
_cBK
999 _c28404
_d28404